| 000 | 00881nam a2200193 a 4500 | ||
|---|---|---|---|
| 001 | 51714 | ||
| 005 | 20180714041255.0 | ||
| 008 | 140415s2004 mx 000 0 spa d | ||
| 020 | _a9709402102 | ||
| 041 | _aspa | ||
| 082 |
_a635 _bMAN |
||
| 245 | 0 | 0 | _aMANUAL DE PRODUCCION HORTICOLA EN INVERNADERO |
| 250 | _a1a ed. | ||
| 260 |
_aMEXICO : _bINDETERMINADO, _c2004 |
||
| 300 |
_a336 _c21.5 x 2.6 x 27.6 |
||
| 520 | _aCON LA ENTRADA EN VIGOR DEL TRATADO D ELIBRE COMRCIO, SE HAN GENERADO UNA SERIE DE CAMBIOS Y AJUSTES MAYORES EN EL SECTOR AGRICOLA NACIONAL. ESTO SE DEBE A LAS GRANDES ASIMETRIAS QUE EXISTEN EN TRE LA ECONOMIA DE MEXICO Y LAS DE ESTADOS UNIDOS Y CANADA, Y CUYAS DIFERENCIAS RESULTAN DE LAS POLITICAS GUBERNAMENTALES DE LARGO PLAZO, DEL APOYO A ESTE SECTOR | ||
| 650 | 1 | 4 |
_aHORTICULTURA _xINVERNADEROS |
| 700 | 1 |
_aCASTELLANOS, JAVIER Z. _eprĂ³l. |
|
| 999 |
_c51714 _d51714 |
||